[Event "Championnat de France - Open A"]
[Site "Aix-les-Bains"]
[Date "2007.08.25"]
[Round "11.8"]
[White "Minet, Steve"]
[Black "Thely, Ludovic"]
[Result "1/2-1/2"]
[WhiteElo "2176"]
[BlackElo "2089"]
[PlyCount "153"]
[EventDate "2007.??.??"]

1. b3 e5 2. Bb2 Nc6 3. e3 Nf6 4. Bb5 Bd6 5. Nf3 e4 6. Nd4 Nxd4 7. Bxd4 c6 8.
Be2 Qe7 9. d3 Be5 10. Bxe5 Qxe5 11. d4 Qg5 12. g3 d5 13. c4 Bh3 14. Nc3 O-O 15.
Qd2 Rfe8 16. O-O-O Qf5 17. Bf1 Bg4 18. Re1 Rec8 19. c5 b6 20. Na4 Nd7 21. h3
Bf3 22. Rg1 bxc5 23. Nxc5 Nxc5 24. dxc5 a5 25. Qd4 Rcb8 26. g4 Qg5 27. Kb2 Rb4
28. Qc3 Qh4 29. Rg3 Rd8 30. Be2 d4 31. exd4 Rbxd4 32. Bxf3 Qf6 33. Rc1 exf3 34.
Rxf3 Qg5 35. Re3 Qf4 36. Rc2 a4 37. Rce2 h6 38. Qc2 Qb8 39. Re4 axb3 40. axb3
Rd3 41. Re8+ Rxe8 42. Qxd3 Re5 43. Qc4 Qe8 44. Rxe5 Qxe5+ 45. Qc3 Qe2+ 46. Qc2
Qf3 47. Qf5 Qe2+ 48. Kc3 Qe1+ 49. Kd4 Qb4+ 50. Ke3 Qxb3+ 51. Qd3 Qb8 52. f4 Qb4
53. Qd8+ Kh7 54. Qd4 Qe1+ 55. Kf3 Qh1+ 56. Kg3 Qe1+ 57. Kf3 Qh1+ 58. Kg3 Qe1+
59. Kg2 Qe2+ 60. Qf2 Qe4+ 61. Kg3 Qd5 62. Qc2+ Kg8 63. Qc3 f6 64. h4 Kf7 65. h5
Kg8 66. Qe3 Kh7 67. Kf2 Kh8 68. Qe8+ Kh7 69. Qg6+ Kh8 70. Qf5 Qxf5 71. gxf5 Kg8
72. Ke2 Kf7 73. Kd2 Ke7 74. Kc3 Kd7 75. Kb4 Kc7 76. Ka5 Kb7 77. Kb4 1/2-1/2

[Event "Championnat de France - Open A"]
[Site "Aix-les-Bains"]
[Date "2007.08.25"]
[Round "11.9"]
[White "Kharmoudi, Slimane"]
[Black "Montabord, Manuel"]
[Result "0-1"]
[WhiteElo "2012"]
[BlackElo "2163"]
[PlyCount "74"]
[EventDate "2007.??.??"]

1. e4 c5 2. Nf3 d6 3. c3 Nf6 4. h3 Nbd7 5. Bd3 b6 6. Bc2 Bb7 7. d3 c4 8. Qe2
cxd3 9. Bxd3 e6 10. O-O Be7 11. Bf4 O-O 12. Re1 Nc5 13. Nbd2 Nxd3 14. Qxd3 Rc8
15. Rad1 Rc7 16. Nf1 Rd7 17. Ng3 Qa8 18. Nh2 Rfd8 19. Ng4 Qc8 20. Qc2 Qc6 21.
f3 Nxg4 22. hxg4 Bh4 23. Kh2 Qc5 24. Kh3 Be7 25. Be3 Qc7 26. Ne2 d5 27. exd5
Rxd5 28. Rxd5 Rxd5 29. Bf4 Qc5 30. Kh2 h5 31. b4 Qc8 32. gxh5 Rxh5+ 33. Kg1
Bxb4 34. Be3 Bc5 35. Qd3 Rd5 36. Nd4 e5 37. Rc1 Qd7 0-1

[Event "Championnat de France - Open A"]
[Site "Aix-les-Bains"]
[Date "2007.08.25"]
[Round "11.10"]
[White "Guerande, Pierre-Franck"]
[Black "Fievet, Patrick"]
[Result "1/2-1/2"]
[WhiteElo "2140"]
[BlackElo "2055"]
[PlyCount "30"]
[EventDate "2007.??.??"]

1. d4 d5 2. c4 c6 3. Nf3 Nf6 4. e3 Bf5 5. Nc3 e6 6. Bd3 Bxd3 7. Qxd3 Nbd7 8.
O-O Be7 9. e4 dxe4 10. Nxe4 Nxe4 11. Qxe4 Nf6 12. Qe2 O-O 13. Rd1 Qc7 14. Bg5
Rad8 15. Rd3 c5 1/2-1/2